[Event "Plovdiv Tringov Memorial 36th"]
[Site "Plovdiv"]
[Date "2014.02.08"]
[Round "8"]
[White "Veselinov, Dimcho"]
[Black "Miroiu, George Catalin"]
[Result "0-1"]
[WhiteElo "2118"]
[BlackElo "2313"]
[PlyCount "90"]
[EventDate "2014.02.02"]
[EventType "swiss"]
[EventRounds "9"]
[EventCountry "BUL"]
[SourceTitle "CBM 158 Extra"]
[Source "ChessBase"]
[SourceDate "2014.02.28"]
[SourceVersion "1"]
[SourceVersionDate "2014.02.28"]
[SourceQuality "1"]

1. e4 c5 2. Nc3 Nc6 3. f4 g6 4. Nf3 Bg7 5. Bc4 e6 6. 0-0 Nge7 7. d3 0-0 8. Bb3 d5 9. e5 Na5 10. Ne2 d4 11. c3 Nxb3 12. axb3 dxc3 13. bxc3 Nf5 14. Ng3 b6 15. Ne4 h5 16. Qe2 Bb7 17. Be3 Qe7 18. Bf2 Bh6 19. g3 Bd5 20. h3 Qb7 21. g4 Ne7 22. Nf6+ Kh8 23. Bg3 Ng8 24. Nd2 Nxf6 25. exf6 Rg8 26. Kh2 Rad8 27. g5 Bf8 28. Ne4 a5 29. c4 Bc6 30. f5 exf5 31. Rxf5 Rxd3 32. Re5 Qd7 33. Ra2 h4 34. Bf4 Qxh3+ 35. Kg1 Bd6 36. Nxd6 Qh1+ 37. Kf2 Rf3+ 38. Qxf3 Qxf3+ 39. Ke1 Qxf4 40. Nxf7+ Kh7 41. Re7 Qg3+ 42. Kf1 Qh3+ 43. Kg1 Qh1+ 44. Kf2 Qg2+ 45. Ke1 Qg1+ 0-1